000 00720nam a2200241 a 4500
001 13452
003 BD-JhCC
005 20230925100004.0
008 230925b2011 us |||| ||a| 000 0 E d
020 _a9781846043062
035 _a(BD-JhCC)13452
040 _aBD-JhCC
_dBD-JhCC
041 _aEnglish
082 _a150.195
_bFRN 2011
100 _a Frankl, Viktor E
245 _aMan's Search For Ultimate Meaning /
_cViktor E. Frankl.
260 _aLondon:
_bRider;
_c2011.
300 _a190 p. :
_c22 cm.
650 _aLogotherapy
_vPsychiatry and religion
_xPsychotherapy
_yExistential psychotherapy
_zPsychologists
651 _aAustria
_vPsychological aspects
_zExistentialism
942 _2ddc
_cBK
999 _c13452
_d13452